000 01127nam a22002417a 4500
999 _c2056
_d2056
003 AR-CdUCM
008 190301b ||||| |||| 00| 0 spa d
020 _a9502000048
040 _aMUNICIPALIDAD PROVINCIAL DEL CUSCO
_cBIBLIOTECA MUNICIPAL DEL CUSCO
082 _a364.04 /
_bSE38
245 _aNuevas sendas en criminología :
_bExploraciones interdisciplinarias e interculturales /
260 _aBuenos Aires :
_bAbeledo-Perrot,
_c1981.
300 _a347 paginas ;
_c23 cm.
505 _aCambios reales y percibidos de crimen y castigo -- Enfoque multidisciplinario de la teoría de la evaluación -- Un enfoque alternativo de la etiología del crimen -- Factores biosociales y prevención precoz de la conducta antisocial -- Criminologia sociológica y modelos de delincuencia juvenil e inadaptación ...
650 _aCriminología
_97441
650 _aEnsayos, conferencias
_91255
650 _aCiencias sociales
_91096
700 _aMednick, Sarnoff A. (dirige)
_97442
700 _aShoham, S. Giora
_97443
700 _aPhillips, Barbara (colaboradora)
_97444
942 _2ddc
_cLIBROS
945 _arum
_d2019-03-01